000 00997nam0a22002771 4500
001 rc\466557
005 20030616172201.8
010 _a5-225-01504-2
_911500
035 _a(NLR Aleph) 005710650
090 _a7374427
_c7374427
100 _a20030616d1988 u |0rusy50 ca
101 0 _arus
102 _aRU
105 _aa |||||||||
200 1 _aЛучевая и ультразвуковая диагностика заболеваний печени и желчных путей
210 _aМ.
_cМедицина
_d1988
215 _a238, [1] с., [8] л. ил.
_cил.
_d21
300 _aРез.: англ.
300 _aЗагл. 2-го изд.: Ультразвуковая диагностика и электроакупунктура
320 _aБиблиогр.: с. 233-236
700 1 _aЗубовский
_bГ. А.
_gГерман Александрович
801 0 _aRU
_bNLR
_gpsbo
801 1 _aRU
_bELAR
_2rusmarc
852 _aNLR
_j88-3/15618
942 _cBOOK
980 _aNB